000 00661cab a2200229 4500
001 WB3231-67
008 090401t1996 xxu||||| |||| 00| 0 eng d
035 _a(Sirsi) u69775
041 _aeng
245 _aHuge gold deposits found in Britain
260 _c1996
350 _a0
490 _aSunday Times
_v11 August 1996, 8(2)
520 _aThe British Geological Survey`s Midas Project claims there are huge gold deposits across Britain. Map of locations.
650 _aBRITISH GEOLOGICAL SURVEY
650 _aGOLD DEPOSITS
650 _aMIDAS PROJECT
650 _aMINING
690 _aMINING AND MINERALS
942 _n0
948 _c04/03/1997
999 _c43862
_d43862